[Event "Campeonato de España Universitario 2006"]
[Site "Madrid ESP "]
[Date "2006.05.07"]
[Round "4.7"]
[White "Llanes Hurtado, Miguel"]
[Black "Torrado Quintela, Julio"]
[Result "1-0"]
[WhiteElo "2435"]
[BlackElo "2190"]
[PlyCount "115"]
[EventDate "2006.05.06"]
[EventType "swiss"]
[EventRounds "9"]
[EventCountry "ESP"]
[Source "lmi"]
[SourceDate "2006.05.10"]

1. d4 d5 2. Nf3 Nf6 3. c4 c6 4. Nc3 e6 5. g3 Be7 6. Bg2 O-O 7. O-O Nbd7 8. Qb3
b6 9. Bf4 Bb7 10. cxd5 exd5 11. Rfd1 Re8 12. Rac1 Bf8 13. a3 h6 14. Qa2 Nh5 15.
Bd2 Qf6 16. e3 Qg6 17. Qb1 Qe6 18. Ne2 Ba6 19. Re1 g5 20. Nc3 Nhf6 21. Na2 Ne4
22. Bb4 Bg7 23. Qc2 Bb7 24. Nd2 a5 25. Bc3 Ndf6 26. Nf1 g4 27. Nd2 Ng5 28. f3
gxf3 29. Nxf3 Nfe4 30. Nxg5 hxg5 31. Bd2 g4 32. Bxe4 dxe4 33. Nc3 Ba6 34. Na4
Bd3 35. Qd1 Qf5 36. Nxb6 Ra6 37. Rc5 Qe6 38. Na4 Rb8 39. Rxa5 Rxa5 40. Bxa5 Rb5
41. Nc5 Qf5 42. Bc3 Bc4 43. Qc2 Bd5 44. a4 Rb8 45. Qf2 Qg6 46. a5 f5 47. Qf4
Rf8 48. Bd2 Bh6 49. Qf2 Rb8 50. b4 Bf8 51. Rf1 Bxc5 52. dxc5 Rf8 53. Bc3 Bc4
54. Rd1 Bd3 55. Qf4 Re8 56. Qc7 f4 57. exf4 Rf8 58. Qd6 1-0

[Event "Campeonato de España Universitario 2006"]
[Site "Madrid ESP "]
[Date "2006.05.07"]
[Round "4.8"]
[White "Franco Alonso, Alejandro"]
[Black "Paredes Cordo, Jacobo Borja"]
[Result "1/2-1/2"]
[WhiteElo "2421"]
[BlackElo "2177"]
[PlyCount "71"]
[EventDate "2006.05.06"]
[EventType "swiss"]
[EventRounds "9"]
[EventCountry "ESP"]
[Source "lmi"]
[SourceDate "2006.05.10"]

1. d4 f5 2. g3 Nf6 3. Nh3 d6 4. Bg2 c6 5. O-O g6 6. Nd2 Bg7 7. c3 O-O 8. Qb3+
d5 9. Nf4 Kh8 10. Nf3 Ne4 11. c4 e6 12. Ne5 Qb6 13. Nfd3 Nd7 14. Nxd7 Bxd7 15.
e3 Rac8 16. f3 Nf6 17. Qc2 dxc4 18. Qxc4 Nd5 19. Bd2 c5 20. dxc5 Bb5 21. Qxd5
exd5 22. cxb6 Bxd3 23. Rf2 Bxb2 24. Re1 axb6 25. Bb4 Bc3 26. Bxc3+ Rxc3 27. Rd2
Re8 28. Kf2 Bc4 29. f4 Ra8 30. Red1 Rxa2 31. Rxa2 Bxa2 32. Rd2 Bc4 33. Bxd5
Bxd5 34. Rxd5 Rc2+ 35. Kg1 Re2 36. Rd8+ 1/2-1/2

[Event "Campeonato de España Universitario 2006"]
[Site "Madrid ESP "]
[Date "2006.05.07"]
[Round "4.9"]
[White "Martinez Martin, David"]
[Black "Garcia Brion, Eduardo"]
[Result "1-0"]
[WhiteElo "2397"]
[BlackElo "2170"]
[PlyCount "91"]
[EventDate "2006.05.06"]
[EventType "swiss"]
[EventRounds "9"]
[EventCountry "ESP"]
[Source "lmi"]
[SourceDate "2006.05.10"]

1. d4 Nf6 2. Bg5 d5 3. Bxf6 gxf6 4. g3 e5 5. Bg2 c6 6. e3 Bd6 7. Ne2 h5 8. h4
Bg4 9. dxe5 fxe5 10. c4 dxc4 11. O-O Qc7 12. Nd2 Nd7 13. Nxc4 Be7 14. Qc2 O-O-O
15. Rac1 Bxe2 16. Qxe2 f5 17. a3 Kb8 18. b4 e4 19. Rfd1 Ne5 20. Nxe5 Qxe5 21.
Rxd8+ Rxd8 22. Rd1 Qc3 23. Rxd8+ Bxd8 24. Qxh5 Qxa3 25. Qxf5 Qxb4 26. Qe5+ Ka8
27. Qh8 Qd6 28. h5 a5 29. h6 Ka7 30. h7 Bf6 31. Qg8 Qe5 32. Qc4 Qd5 33. Qc2 Qb5
34. Qxe4 a4 35. Bf1 Qb3 36. Bc4 Qb2 37. g4 b5 38. Qxc6 bxc4 39. Qxa4+ Kb7 40.
Qxc4 Qb1+ 41. Kg2 Qxh7 42. Qb4+ Kc6 43. Qc4+ Kd7 44. Qb5+ Ke6 45. Qb6+ Kd5 46.
Qxf6 1-0

[Event "Campeonato de España Universitario 2006"]
[Site "Madrid ESP "]
[Date "2006.05.07"]
[Round "4.10"]
[White "Andres Gonzalez, Ivan"]
[Black "Castro Acosta, Andres"]
[Result "1/2-1/2"]
[WhiteElo "2330"]
[BlackElo "2155"]
[PlyCount "52"]
[EventDate "2006.05.06"]
[EventType "swiss"]
[EventRounds "9"]
[EventCountry "ESP"]
[Source "lmi"]
[SourceDate "2006.05.10"]

1. d4 Nf6 2. Nf3 g6 3. g3 Bg7 4. Bg2 O-O 5. O-O d6 6. Nc3 Nbd7 7. e4 e5 8. h3
c6 9. dxe5 dxe5 10. Qd6 Re8 11. Rd1 Bf8 12. Qd3 Qc7 13. Qc4 Nc5 14. Bg5 Be6 15.
Qe2 Nfd7 16. a4 a5 17. b3 Na6 18. Be3 Bb4 19. Na2 Bf8 20. Ng5 Ndc5 21. Nxe6
Nxe6 22. Bf1 Bc5 23. c3 Bxe3 24. Qxe3 Nac5 25. Bc4 Rad8 26. Kg2 Kg7 1/2-1/2

[Event "Campeonato de España Universitario 2006"]
[Site "Madrid ESP "]
[Date "2006.05.07"]
[Round "4.11"]
[White "Kurajica, Mladen"]
[Black "Alcazar, Jesus"]
[Result "1/2-1/2"]
[WhiteElo "2225"]
[BlackElo "2316"]
[PlyCount "45"]
[EventDate "2006.05.06"]
[EventType "swiss"]
[EventRounds "9"]
[EventCountry "ESP"]
[Source "lmi"]
[SourceDate "2006.05.10"]

1. Nf3 Nf6 2. g3 b6 3. Bg2 Bb7 4. O-O g6 5. b3 Bg7 6. Bb2 O-O 7. c4 d6 8. d4
Nbd7 9. Qc2 c6 10. Nbd2 Qc7 11. Rad1 Rac8 12. Rfe1 Rfe8 13. Bc3 e6 14. e4 e5
15. Qb2 Nh5 16. Nf1 Nf8 17. Re2 c5 18. dxe5 dxe5 19. N3d2 Ne6 20. Ne3 Nd4 21.
Ree1 Qd6 22. Nd5 Nf6 23. Nf1 1/2-1/2

[Event "Campeonato de España Universitario 2006"]
[Site "Madrid ESP "]
[Date "2006.05.07"]
[Round "4.12"]
[White "Fernandez Gil, Marco Antonio"]
[Black "Romon Poves, Raul"]
[Result "1-0"]
[WhiteElo "2268"]
[BlackElo "2226"]
[PlyCount "47"]
[EventDate "2006.05.06"]
[EventType "swiss"]
[EventRounds "9"]
[EventCountry "ESP"]
[Source "lmi"]
[SourceDate "2006.05.10"]

1. e4 e6 2. d4 d5 3. exd5 exd5 4. Nf3 Bg4 5. h3 Bh5 6. Qe2+ Qe7 7. Be3 Nc6 8.
Nc3 O-O-O 9. g4 Bg6 10. O-O-O Nf6 11. Ne5 Nxe5 12. dxe5 Qxe5 13. f4 Qe6 14. f5
Bxf5 15. gxf5 Qxf5 16. Bxa7 Bb4 17. Bd4 Rhe8 18. Qg2 c5 19. Bxf6 gxf6 20. Nxd5
Kb8 21. Bc4 Rg8 22. Qh2+ Ka7 23. Qc7 Rg2 24. Qb6+ 1-0

[Event "Campeonato de España Universitario 2006"]
[Site "Madrid ESP "]
[Date "2006.05.07"]
[Round "4.13"]
[White "Mayans Calvo, Mariano"]
[Black "Navarro Ortiz de Ortuño, Borja"]
[Result "0-1"]
[WhiteElo "2185"]
[BlackElo "2250"]
[PlyCount "78"]
[EventDate "2006.05.06"]
[EventType "swiss"]
[EventRounds "9"]
[EventCountry "ESP"]
[Source "lmi"]
[SourceDate "2006.05.10"]

1. c4 c6 2. Nf3 Nf6 3. g3 d5 4. b3 Bf5 5. Bg2 h6 6. O-O e6 7. d3 Be7 8. Bb2 O-O
9. Nfd2 Bh7 10. e4 a5 11. Nc3 Na6 12. cxd5 cxd5 13. exd5 exd5 14. Re1 Nb4 15.
Ba3 Re8 16. Qf3 Rc8 17. d4 Nc2 18. Rxe7 Rxe7 19. Bxe7 Qxe7 20. Rd1 Nxd4 21. Qf4
Qb4 22. Nf1 Ne4 23. Bxe4 dxe4 24. Nd5 Ne2+ 25. Kh1 Nxf4 26. Nxb4 e3 27. Nxe3
Be4+ 28. Kg1 Nh3+ 29. Kf1 axb4 30. Nc4 Bc6 31. f4 g5 32. Rd4 Bb5 33. Kg2 Bxc4
34. bxc4 g4 35. Kf1 Ra8 36. c5 Rxa2 37. Rd8+ Kg7 38. Rd7 b3 39. Rxb7 b2 0-1

[Event "Campeonato de España Universitario 2006"]
[Site "Madrid ESP "]
[Date "2006.05.07"]
[Round "4.14"]
[White "Chalmeta Ugas, Ramon"]
[Black "Piay Augusto, Diego"]
[Result "0-1"]
[WhiteElo "2177"]
[BlackElo "2235"]
[PlyCount "132"]
[EventDate "2006.05.06"]
[EventType "swiss"]
[EventRounds "9"]
[EventCountry "ESP"]
[Source "lmi"]
[SourceDate "2006.05.10"]

1. e4 d5 2. exd5 Nf6 3. d4 Nxd5 4. c4 Nb6 5. Nc3 g6 6. Nf3 Bg7 7. Be3 O-O 8.
Be2 Nc6 9. d5 Ne5 10. Nxe5 Bxe5 11. Bd4 Bxd4 12. Qxd4 c6 13. Rd1 cxd5 14. c5
Nd7 15. Nxd5 e6 16. Nc3 Qg5 17. Ne4 Qxg2 18. Rf1 e5 19. Qd5 Qxh2 20. Rd3 Qf4
21. Rf3 Qc1+ 22. Bd1 Qxb2 23. Rh1 Qd4 24. Bb3 Qxd5 25. Bxd5 Kg7 26. Ng5 h6 27.
Rxf7+ Rxf7 28. Nxf7 Nxc5 29. Nxh6 Bf5 30. Nf7 Kf6 31. Rh7 Rf8 32. Nh6 Rd8 33.
Bxb7 Nd3+ 34. Kf1 Nf4 35. Ke1 a5 36. Nxf5 gxf5 37. Rh6+ Ng6 38. Rh3 Rb8 39. Bd5
Nf4 40. Rh6+ Kg5 41. Rd6 Rb2 42. Bb3 a4 43. Bxa4 Rxa2 44. Bc6 e4 45. Bb5 Rb2
46. Ba6 Nh3 47. Be2 Kf4 48. Rd1 Ke5 49. Ra1 Ng1 50. Bd1 Kf4 51. Kf1 Nh3 52. Be2
Rc2 53. Rb1 Ng5 54. Ra1 Nf3 55. Bd1 Rb2 56. Be2 Ne5 57. Bd1 Nd7 58. Kg2 e3 59.
Ra4+ Kg5 60. Kf3 exf2 61. Be2 Nc5 62. Ra5 Ne4 63. Ba6 Rb3+ 64. Ke2 Kf4 65. Bc4
Rb2+ 66. Kd3 Rd2# 0-1

[Event "Campeonato de España Universitario 2006"]
[Site "Madrid ESP "]
[Date "2006.05.07"]
[Round "4.15"]
[White "Hinojar Basa, Alfonso"]
[Black "Gonzalez Somoza, Oliver"]
[Result "0-1"]
[WhiteElo "2173"]
[BlackElo "2233"]
[PlyCount "80"]
[EventDate "2006.05.06"]
[EventType "swiss"]
[EventRounds "9"]
[EventCountry "ESP"]
[Source "lmi"]
[SourceDate "2006.05.10"]

1. e4 e5 2. Nf3 Nc6 3. Bb5 f5 4. Nc3 d6 5. d4 exd4 6. Nxd4 Bd7 7. Nxf5 g6 8.
Ng3 Bg7 9. O-O a6 10. Bc4 Ne5 11. Bb3 Qh4 12. Nd5 O-O-O 13. Qd2 Bb5 14. Qg5
Qxg5 15. Bxg5 Rf8 16. Rfd1 h6 17. Be3 Ng4 18. c4 Bc6 19. Bd4 Bxd4 20. Rxd4 Bxd5
21. exd5 N8f6 22. f3 Ne5 23. Ne2 g5 24. Rd2 Nfd7 25. Nd4 Nc5 26. Rc1 Rf4 27.
Rc3 g4 28. Bd1 gxf3 29. Bxf3 Rhf8 30. Rd1 R8f6 31. b3 a5 32. Kf2 Ne4+ 33. Ke3
Nxc3 34. Rd2 Nxf3 35. gxf3 a4 36. Kd3 Rxf3+ 37. Nxf3 Rxf3+ 38. Kd4 axb3 39.
axb3 c5+ 40. dxc6 bxc6 0-1

[Event "Campeonato de España Universitario 2006"]
[Site "Madrid ESP "]
[Date "2006.05.07"]
[Round "5.3"]
[White "Navarro Ortiz de Ortuño, Borja"]
[Black "Ibarra Jerez, Jose Carlos"]
[Result "1/2-1/2"]
[WhiteElo "2250"]
[BlackElo "2445"]
[PlyCount "70"]
[EventDate "2006.05.06"]
[EventType "swiss"]
[EventRounds "9"]
[EventCountry "ESP"]
[Source "lmi"]
[SourceDate "2006.05.10"]

1. d4 Nf6 2. Nf3 g6 3. c4 d6 4. g3 Bg7 5. Bg2 O-O 6. O-O Nc6 7. Nc3 a6 8. h3
Rb8 9. Be3 Na5 10. Nd2 Nd7 11. Rc1 e5 12. dxe5 dxe5 13. Nd5 f5 14. Nb3 c6 15.
Nxa5 cxd5 16. Qxd5+ Kh8 17. Rfd1 Qe8 18. Qd6 Rf6 19. Qd2 b6 20. Nc6 Rb7 21. Bg5
Rf8 22. Be7 e4 23. Bxf8 Nxf8 24. Nb4 a5 25. Nd5 Be6 26. b3 h5 27. h4 Nd7 28.
Nf4 Bf7 29. Qd6 Be5 30. Qd2 Kg7 31. Nh3 Qe7 32. Rc2 Rc7 33. Nf4 Qa3 34. Nd5 Rc6
35. Nc3 Nf6 1/2-1/2

[Event "Campeonato de España Universitario 2006"]
[Site "Madrid ESP "]
[Date "2006.05.07"]
[Round "5.4"]
[White "Gonzalez Somoza, Oliver"]
[Black "Llanes Hurtado, Miguel"]
[Result "0-1"]
[WhiteElo "2233"]
[BlackElo "2435"]
[PlyCount "82"]
[EventDate "2006.05.06"]
[EventType "swiss"]
[EventRounds "9"]
[EventCountry "ESP"]
[Source "lmi"]
[SourceDate "2006.05.10"]

1. e4 c5 2. d4 cxd4 3. Nf3 Nc6 4. Nxd4 Nf6 5. Nc3 e5 6. Ndb5 d6 7. Bg5 a6 8.
Na3 b5 9. Nd5 Be7 10. Bxf6 Bxf6 11. c3 Bg5 12. Nc2 Rb8 13. Be2 a5 14. a3 O-O
15. O-O Ne7 16. Nce3 Be6 17. Nxe7+ Qxe7 18. Nd5 Qb7 19. g3 f5 20. f4 fxe4 21.
fxg5 Bxd5 22. Qd2 Qb6+ 23. Kg2 Bb7 24. Kh3 d5 25. Bg4 d4 26. b4 axb4 27. axb4
e3 28. Qa2+ Kh8 29. Rf7 d3 30. Raf1 Rg8 31. R1f6 Qd8 32. Rd7 Qe8 33. Rff7 Bc8
34. Rde7 Bxg4+ 35. Kxg4 Qc8+ 36. Kf3 e2 37. Rxe5 Qh3 38. g6 Qf1+ 39. Kg4 e1=Q
40. Rxf1 Qxe5 41. Rf5 Qe2+ 0-1

[Event "Campeonato de España Universitario 2006"]
[Site "Madrid ESP "]
[Date "2006.05.07"]
[Round "5.5"]
[White "Baron Rodriguez, Jesus"]
[Black "Fernandez Gil, Marco Antonio"]
[Result "1-0"]
[WhiteElo "2402"]
[BlackElo "2268"]
[PlyCount "93"]
[EventDate "2006.05.06"]
[EventType "swiss"]
[EventRounds "9"]
[EventCountry "ESP"]
[Source "lmi"]
[SourceDate "2006.05.10"]

1. e4 c5 2. Nc3 Nc6 3. f4 e6 4. Nf3 a6 5. g3 b5 6. Bg2 Bb7 7. d3 d6 8. O-O Be7
9. g4 Rc8 10. Ne2 d5 11. e5 h5 12. gxh5 Rxh5 13. Ng3 Rh8 14. f5 Nh6 15. fxe6
fxe6 16. Ng5 Nxe5 17. Nxe6 Qb6 18. Bxh6 Qxe6 19. Bxg7 Rh7 20. Nf5 Bf6 21. Bxf6
Qxf6 22. Qe2 Kd7 23. Rae1 Re8 24. c3 Qh8 25. h3 Qg8 26. d4 cxd4 27. cxd4 Nc4
28. Qxe8+ Qxe8 29. Rxe8 Kxe8 30. b3 Nd2 31. Nd6+ Kd8 32. Nxb7+ Rxb7 33. Rf5 Rg7
34. Rxd5+ Kc7 35. Kf2 b4 36. h4 Nb1 37. h5 Nc3 38. Rc5+ Kb6 39. h6 Rf7+ 40. Ke3
Nd1+ 41. Kd3 Nb2+ 42. Ke2 Re7+ 43. Kd2 Rf7 44. Rc6+ Kb5 45. Re6 Rf2+ 46. Re2
Rf6 47. Kc2 1-0

[Event "Campeonato de España Universitario 2006"]
[Site "Madrid ESP "]
[Date "2006.05.07"]
[Round "5.6"]
[White "Piay Augusto, Diego"]
[Black "Martinez Martin, David"]
[Result "1/2-1/2"]
[WhiteElo "2235"]
[BlackElo "2397"]
[PlyCount "111"]
[EventDate "2006.05.06"]
[EventType "swiss"]
[EventRounds "9"]
[EventCountry "ESP"]
[Source "lmi"]
[SourceDate "2006.05.10"]

1. e4 c5 2. c3 d5 3. exd5 Qxd5 4. d4 Nc6 5. Nf3 Nf6 6. Be3 cxd4 7. cxd4 Bg4 8.
Be2 e6 9. Nc3 Qd8 10. Qa4 Qa5 11. Qxa5 Nxa5 12. Bb5+ Nc6 13. Ne5 Rc8 14. f3 Bf5
15. g4 Bg6 16. g5 Nd7 17. Nxd7 Kxd7 18. d5 exd5 19. Nxd5 Bd6 20. Rd1 Rce8 21.
Kf2 Re5 22. Bxa7 Rxg5 23. a4 Kc8 24. Be3 Rf5 25. Nb6+ Kc7 26. Nc4 Bc5 27. Bxc5
Rxc5 28. Rhe1 Rd8 29. Rxd8 Kxd8 30. Nd6 Rc2+ 31. Kg3 Kc7 32. Ne8+ Kb6 33. Nxg7
Nd4 34. Bd7 Rxb2 35. Rd1 Ne2+ 36. Kg4 Nc3 37. Rc1 Nxa4 38. Bxa4 Rb4+ 39. Kg5
Rxa4 40. f4 h6+ 41. Kxh6 Rxf4 42. Kg5 Rf2 43. h4 Rg2+ 44. Kf6 Rh2 45. Kg5 Bc2
46. h5 Ka5 47. Rf1 Rg2+ 48. Kf6 b5 49. Nf5 Rh2 50. Nd4 Bd3 51. Rf3 Bc4 52. Rf5
Ka4 53. Kg7 Rg2+ 54. Kf8 Rh2 55. Kg7 Rg2+ 56. Kf8 1/2-1/2

[Event "Campeonato de España Universitario 2006"]
[Site "Madrid ESP "]
[Date "2006.05.07"]
[Round "5.7"]
[White "Camarena Gimenez, Rufino"]
[Black "Martin Perez, Javier"]
[Result "1-0"]
[WhiteElo "2342"]
[BlackElo "2283"]
[PlyCount "77"]
[EventDate "2006.05.06"]
[EventType "swiss"]
[EventRounds "9"]
[EventCountry "ESP"]
[Source "lmi"]
[SourceDate "2006.05.10"]

1. d4 d5 2. c4 c6 3. Nc3 Nf6 4. cxd5 cxd5 5. Bf4 Nc6 6. e3 a6 7. Bd3 e6 8. Rc1
Be7 9. Nf3 O-O 10. Ne5 Nxe5 11. Bxe5 Bd7 12. Qf3 Bc6 13. O-O Rc8 14. Qh3 Ne4
15. Qg4 g6 16. f3 Nxc3 17. Rxc3 Bf6 18. Bxf6 Qxf6 19. f4 Qe7 20. Rfc1 Qb4 21.
Qe2 Bd7 22. a3 Qa4 23. Rc5 Rxc5 24. Rxc5 Rc8 25. Bc2 Rxc5 26. Bxa4 Rc1+ 27. Bd1
Ba4 28. b3 Bxb3 29. Qb2 Rxd1+ 30. Kf2 Bc4 31. Qxb7 Rd2+ 32. Kg3 Rd3 33. Qb8+
Kg7 34. Qe5+ Kg8 35. Kh4 h6 36. g4 Rd2 37. f5 exf5 38. gxf5 Rg2 39. Qe8+ 1-0

[Event "Campeonato de España Universitario 2006"]
[Site "Madrid ESP "]
[Date "2006.05.07"]
[Round "5.8"]
[White "Reinaldo Castiñeira, Roi"]
[Black "Bermejo Martinez, Jorge"]
[Result "1-0"]
[WhiteElo "2441"]
[BlackElo "2216"]
[PlyCount "25"]
[EventDate "2006.05.06"]
[EventType "swiss"]
[EventRounds "9"]
[EventCountry "ESP"]
[Source "lmi"]
[SourceDate "2006.05.10"]

1. c4 c5 2. Nc3 b6 3. Nf3 Bb7 4. e4 e6 5. d4 cxd4 6. Nxd4 a6 7. Bd3 d6 8. O-O
Nf6 9. Kh1 Be7 10. f4 O-O 11. Qe2 Re8 12. Nf3 Bf8 13. e5 1-0

[Event "Campeonato de España Universitario 2006"]
[Site "Madrid ESP "]
[Date "2006.05.07"]
[Round "5.9"]
[White "Herraiz Hidalgo, Herminio"]
[Black "Perez Lopez, Jesus Maria"]
[Result "1-0"]
[WhiteElo "2492"]
[BlackElo "2212"]
[PlyCount "46"]
[EventDate "2006.05.06"]
[EventType "swiss"]
[EventRounds "9"]
[EventCountry "ESP"]
[Source "lmi"]
[SourceDate "2006.05.10"]

1. d4 Nf6 2. c4 c6 3. Nf3 d5 4. e3 Bg4 5. h3 Bxf3 6. Qxf3 g6 7. Nc3 Bg7 8. Be2
O-O 9. O-O dxc4 10. Bxc4 Nbd7 11. Rd1 Qc7 12. e4 e5 13. d5 cxd5 14. Bxd5 Rab8
15. Bg5 b5 16. Rac1 Qa5 17. Bc6 h6 18. Be3 Rfd8 19. a3 b4 20. axb4 Rxb4 21. Nd5
Rxb2 22. Bxd7 Nxd7 23. Ne7+ Kh7 1-0

[Event "Campeonato de España Universitario 2006"]
[Site "Madrid ESP "]
[Date "2006.05.07"]
[Round "5.10"]
[White "Alcazar Jimenez, Victor"]
[Black "Paredes Sanchez, Juan"]
[Result "1-0"]
[WhiteElo "2423"]
[BlackElo "2188"]
[PlyCount "89"]
[EventDate "2006.05.06"]
[EventType "swiss"]
[EventRounds "9"]
[EventCountry "ESP"]
[Source "lmi"]
[SourceDate "2006.05.10"]

1. e4 c5 2. Nf3 d6 3. d4 cxd4 4. Nxd4 Nf6 5. Nc3 a6 6. Be3 e5 7. Nb3 Be6 8. f4
exf4 9. Bxf4 Nc6 10. Qe2 Be7 11. h3 O-O 12. O-O-O Qb8 13. g4 Ne5 14. g5 Nfd7
15. Nd4 Rc8 16. Nf5 Bxf5 17. Nd5 Bxe4 18. Nxe7+ Kf8 19. Qxe4 Kxe7 20. Qxh7 g6
21. Bxe5 Nxe5 22. Qg7 Qc7 23. Rh2 Qc5 24. Qf6+ Kf8 25. Kb1 Kg8 26. Rxd6 Nf3 27.
Rd7 Ne5 28. Rd1 Rc6 29. Qf4 Rac8 30. Rhd2 Kg7 31. c3 Rb6 32. Ka1 Nc6 33. Bc4
Qf5 34. Qe3 Ne5 35. Qxb6 Nxc4 36. Qd4+ Kg8 37. Re2 Qxg5 38. Rde1 Qb5 39. b3 Na3
40. Qd6 Qa5 41. Re8+ Kh7 42. Rxc8 Nc2+ 43. Kb2 Nxe1 44. Qf6 Nd3+ 45. Kb1 1-0

[Event "Campeonato de España Universitario 2006"]
[Site "Madrid ESP "]
[Date "2006.05.07"]
[Round "5.11"]
[White "Castro Acosta, Andres"]
[Black "Franco Alonso, Alejandro"]
[Result "0-1"]
[WhiteElo "2155"]
[BlackElo "2421"]
[PlyCount "84"]
[EventDate "2006.05.06"]
[EventType "swiss"]
[EventRounds "9"]
[EventCountry "ESP"]
[Source "lmi"]
[SourceDate "2006.05.10"]

1. Nf3 Nf6 2. g3 g6 3. Bg2 Bg7 4. O-O O-O 5. d4 d6 6. c4 Nc6 7. d5 Na5 8. Qa4
c5 9. Bd2 b6 10. Bc3 Bd7 11. Qc2 Bf5 12. Qc1 a6 13. Nbd2 Bh6 14. b3 Ne4 15. Bb2
b5 16. Qe1 Nxd2 17. Nxd2 bxc4 18. Nxc4 Nxc4 19. bxc4 Rb8 20. Qc3 Rxb2 21. Qxb2
Bg7 22. Qd2 Bxa1 23. Rxa1 Qb6 24. e4 Bd7 25. Rc1 Rb8 26. Bf3 Qb2 27. Rc2 Qa1+
28. Rc1 Rb2 29. Rxa1 Rxd2 30. Kf1 Rc2 31. Be2 f5 32. exf5 Bxf5 33. Ke1 Kf7 34.
Kd1 Rb2 35. Ke1 a5 36. Kd1 g5 37. f3 Kf6 38. a3 Ke5 39. a4 Rb1+ 40. Rxb1 Bxb1
41. Kc1 Bf5 42. Kb2 Kd4 0-1

[Event "Campeonato de España Universitario 2006"]
[Site "Madrid ESP "]
[Date "2006.05.07"]
[Round "5.13"]
[White "Garcia Mendoza, Francisco"]
[Black "Navarro Cia, Miguel"]
[Result "1-0"]
[WhiteElo "2124"]
[BlackElo "2350"]
[PlyCount "119"]
[EventDate "2006.05.06"]
[EventType "swiss"]
[EventRounds "9"]
[EventCountry "ESP"]
[Source "lmi"]
[SourceDate "2006.05.10"]

1. e4 Nf6 2. e5 Nd5 3. c4 Nb6 4. d4 d6 5. exd6 cxd6 6. Nc3 g6 7. Nf3 Bg7 8. Be2
O-O 9. h3 Nc6 10. O-O Bf5 11. Be3 d5 12. cxd5 Nxd5 13. Bc4 Nxe3 14. fxe3 Qb6
15. Qb3 Qc7 16. Bb5 Na5 17. Qb4 Rad8 18. Rac1 Nc6 19. Qc5 a6 20. Bxc6 Qxc6 21.
Qxc6 bxc6 22. Na4 Rb8 23. b3 Rfc8 24. Rc3 a5 25. Nc5 Rd8 26. Rfc1 Bc8 27. Nd3
a4 28. Nde5 axb3 29. Rxb3 Ra8 30. Nxc6 Re8 31. a3 Bh6 32. Kf2 Be6 33. Rbc3 Kf8
34. g4 f6 35. Rb1 Bd5 36. Nb4 Be4 37. Rbc1 Ra4 38. Nd2 Bb7 39. Nc4 Kf7 40. Nd3
Ra7 41. Nc5 Bc6 42. Rb1 Rd8 43. Rb6 Bd5 44. a4 Bf8 45. Ra6 Rc7 46. Na3 e5 47.
Nb5 exd4 48. exd4 Re7 49. Rd6 Rxd6 50. Nxd6+ Kg7 51. Nb5 Bc6 52. Na6 Bb7 53.
Nac7 Rd7 54. Rc4 Kh6 55. a5 Bd5 56. Rc2 Be4 57. Ra2 Kg5 58. Ne6+ Kh4 59. Nxf8
Rf7 60. Nd6 1-0

[Event "Campeonato de España Universitario 2006"]
[Site "Madrid ESP "]
[Date "2006.05.07"]
[Round "5.14"]
[White "Rodriguez Calvo, Manoel"]
[Black "Andres Gonzalez, Ivan"]
[Result "0-1"]
[WhiteElo "2123"]
[BlackElo "2330"]
[PlyCount "48"]
[EventDate "2006.05.06"]
[EventType "swiss"]
[EventRounds "9"]
[EventCountry "ESP"]
[Source "lmi"]
[SourceDate "2006.05.10"]

1. e4 d5 2. exd5 Qxd5 3. Nc3 Qd8 4. d4 c6 5. Nf3 Bg4 6. Be2 Bxf3 7. Bxf3 e6 8.
Ne4 Nf6 9. O-O Nbd7 10. c4 Nxe4 11. Bxe4 Bd6 12. b3 O-O 13. Bb2 Qh4 14. f4 Bxf4
15. Rxf4 Qxf4 16. Qc2 Nf6 17. Bf3 Ng4 18. Bxg4 Qxg4 19. Rf1 Rad8 20. Qc3 f6 21.
h3 Qg6 22. Qe3 Rfe8 23. Rf3 e5 24. dxe5 Qb1+ 0-1

[Event "Campeonato de España Universitario 2006"]
[Site "Madrid ESP "]
[Date "2006.05.07"]
[Round "5.15"]
[White "Alcazar Jimenez, Jesus"]
[Black "Jimenez Martinez, Jose Vicente"]
[Result "1/2-1/2"]
[WhiteElo "2316"]
[BlackElo "2178"]
[PlyCount "88"]
[EventDate "2006.05.06"]
[EventType "swiss"]
[EventRounds "9"]
[EventCountry "ESP"]
[Source "lmi"]
[SourceDate "2006.05.10"]

1. e4 d6 2. d4 g6 3. Nc3 Bg7 4. g3 Nf6 5. Bg2 O-O 6. Nge2 c5 7. dxc5 dxc5 8.
Qxd8 Rxd8 9. e5 Ng4 10. f4 Na6 11. a3 h5 12. h3 Nh6 13. Be3 Rb8 14. O-O Bd7 15.
Rfd1 b6 16. Nd5 Kf8 17. Rd2 Bc6 18. Rad1 Rd7 19. Ndc3 Rxd2 20. Rxd2 Bxg2 21.
Kxg2 Nc7 22. Kf3 Ke8 23. g4 hxg4+ 24. hxg4 Rd8 25. Rxd8+ Kxd8 26. b4 cxb4 27.
axb4 f6 28. exf6 exf6 29. Nd4 Kd7 30. Ndb5 Nxb5 31. Nxb5 a5 32. bxa5 bxa5 33.
Bd4 Kc6 34. Nc3 Nxg4 35. Kxg4 f5+ 36. Kg5 Bxd4 37. Nb1 Be3 38. Kxg6 Bxf4 39.
Kxf5 Bc1 40. Ke4 Kc5 41. Kd3 Bb2 42. c3 a4 43. Kc2 a3 44. Nxa3 Bxa3 1/2-1/2

[Event "Campeonato de España Universitario 2006"]
[Site "Madrid ESP "]
[Date "2006.05.07"]
[Round "6.2"]
[White "Almagro Llamas, Pablo"]
[Black "Baron Rodriguez, Jesus"]
[Result "1-0"]
[WhiteElo "2357"]
[BlackElo "2402"]
[PlyCount "85"]
[EventDate "2006.05.06"]
[EventType "swiss"]
[EventRounds "9"]
[EventCountry "ESP"]
[Source "lmi"]
[SourceDate "2006.05.10"]

1. e4 e6 2. d4 d5 3. Nc3 Bb4 4. e5 c5 5. a3 Bxc3+ 6. bxc3 Qc7 7. Nf3 Ne7 8. h4
b6 9. h5 h6 10. Rh4 Ba6 11. Bxa6 Nxa6 12. Rg4 cxd4 13. cxd4 Nf5 14. Qd3 Nb8 15.
Nh4 Nxh4 16. Rxh4 Qc4 17. Qg3 Rh7 18. Bd2 Nc6 19. c3 Ne7 20. Qf3 Rc8 21. Rf4 g5
22. hxg6 Nxg6 23. Rf6 Rc7 24. g4 Kd8 25. Qe2 h5 26. gxh5 Qxe2+ 27. Kxe2 Rxh5
28. a4 Kc8 29. Kd3 Rh3+ 30. Be3 Kb7 31. Rg1 Ka6 32. Rgxg6 fxg6 33. Rxe6 Ka5 34.
Rd6 Kxa4 35. Rxd5 b5 36. e6 a5 37. Rd7 Rh7 38. Rxc7 Rxc7 39. d5 Re7 40. Bg5 Re8
41. e7 b4 42. d6 b3 43. d7 1-0

[Event "Campeonato de España Universitario 2006"]
[Site "Madrid ESP "]
[Date "2006.05.07"]
[Round "6.3"]
[White "Franco Alonso, Alejandro"]
[Black "Camarena Gimenez, Rufino"]
[Result "1/2-1/2"]
[WhiteElo "2421"]
[BlackElo "2342"]
[PlyCount "112"]
[EventDate "2006.05.06"]
[EventType "swiss"]
[EventRounds "9"]
[EventCountry "ESP"]
[Source "lmi"]
[SourceDate "2006.05.10"]

1. d4 Nf6 2. c4 c5 3. d5 e5 4. Nc3 d6 5. e4 Be7 6. Bd3 Nbd7 7. a3 Nf8 8. b4 b6
9. Bc2 Ng6 10. Ba4+ Nd7 11. Bc6 Rb8 12. Nf3 O-O 13. O-O Nf4 14. Ne2 Nxe2+ 15.
Qxe2 cxb4 16. axb4 a5 17. bxa5 bxa5 18. Bd2 Rb2 19. Qe1 Qb6 20. Bc3 Rc2 21. Ba4
Rxc3 22. Qxc3 Nc5 23. Bc2 Bd8 24. Rfb1 Qa7 25. Nd2 Bd7 26. Nb3 Na4 27. Qd2 Bb6
28. Ra2 Rc8 29. Bd3 h6 30. h3 Kf8 31. Kh1 Bd4 32. Qxa5 Qxa5 33. Nxa5 Nc3 34.
Rb7 Nxa2 35. Rxd7 Nb4 36. Be2 Bxf2 37. Rxd6 Ke7 38. Bg4 Rc7 39. Rc6 Nxc6 40.
Nxc6+ Kd6 41. Kh2 f6 42. Bf3 Kc5 43. Bg4 Kxc4 44. Na5+ Kc5 45. Nc6 Rb7 46. Nd8
Ra7 47. Bf3 g6 48. Nc6 Ra3 49. Ne7 h5 50. h4 Bxh4 51. Nxg6 Bg5 52. Ne7 Bf4+ 53.
Kh3 Ra1 54. Bxh5 Bh6 55. Bf3 Bf8 56. Nf5 Ra6 1/2-1/2